000 00674nam a22002297a 4500
008 210329b xxu||||| |||| 00| 0 eng d
020 _a9788191067378
082 _a261.70954/M732b
100 _aMalhotra, Rajiv
245 _aBreaking India:
_bWestern interventions in dravidian and dalit faultlines
260 _aNew Delhi:
_bAMARYLLIS,
_c2011.
300 _axiv, 650p. ;illus.
504 _aBibliography:p.560-620
650 _aChristianity and politics-India
650 _aReligion and plitics
650 _aDalits
650 _aPolitics and government
650 _aRacism
_912361
650 _aIndia
700 _aNeelakandan, Araindan
942 _2ddc
_cGEN
999 _c99116
_d99105